000
00258nam a22001217a 4500
008
180110b xxu||||| |||| 00| 0 eng d
041
_a
eng
080
_2
2 ED
_a
91
100
_a
42
101
_a
GJE
245
_a
COUNTIES USA
_c
PETER.E,R
942
_2
udc
_c
BK
999
_c
40060
_d
40060